| 000 | 00861cam a2200205 4500 | ||
|---|---|---|---|
| 001 | WB3937-14 | ||
| 008 | 031002n2003 000 0 eng u | ||
| 035 | _a(Sirsi) u123826 | ||
| 245 | _aCPRE launches land banks attack | ||
| 260 | _c2003 | ||
| 490 |
_aCPRE Press Release _v(39/03) 22 September 2003 (3) |
||
| 520 | _aThe CPRE has accused housebuilders of holding up housing supply. "Housing myths: housing solutions" briefing presents a survey of leading housebuilders' land holdings, finding that land reserves have expanded by nearly 18% in the last five years. Copies of the briefing are available from http://www.cpre.org.uk. http://www.cpre.org.uk/news-releases/news-rel-2003/39-03.htm | ||
| 590 | _aWB | ||
| 650 | _aLAND BANKS | ||
| 650 | _aHOUSING SUPPLY | ||
| 650 | _aSURVEYS | ||
| 650 | _aHOUSE BUILDERS | ||
| 690 | _aHOUSING | ||
| 942 | _n0 | ||
| 999 |
_c73543 _d73543 |
||